000 00762nam a22002297a 4500
005 20150228174431.0
008 150228b xxu||||| |||| 00| 0 eng d
010 _aB-591389
020 _a9780194420983
_c395.00
035 _aB-591389
037 _bUBH
040 _adpl
_ben
082 _a485
100 _aSwan, Michael
245 _aPractical English usage/
_cby Michael Swan
250 _a3rd ed.
_bfully revised
260 _aOxford (UK)
_bOxford University Press
_c2015
270 _aGreat Clarendon Street
_bOxford
300 _a658p
_c24cm(pbk)
942 _2ddc
_cEN
_h485
_mSWA
999 _c92007
_d92007